[Event "Barcelona Tres Peons op 22nd"]
[Site "Barcelona"]
[Date "2020.02.05"]
[Round "5"]
[White "Planella Sanchez, Jordi"]
[Black "Delgado Torra, Bruno"]
[Result "1-0"]
[WhiteElo "1895"]
[BlackElo "1577"]
[PlyCount "81"]
[EventDate "2020.01.08"]
[EventType "swiss"]
[EventRounds "9"]
[EventCountry "ESP"]
[SourceTitle "CBM 195 Extra"]
[Source "ChessBase"]
[SourceDate "2020.05.31"]
[SourceVersion "1"]
[SourceVersionDate "2020.05.31"]
[SourceQuality "1"]

1. e4 e5 2. Bc4 Nf6 3. Qe2 Nc6 4. c3 d6 5. d3 Be6 6. Bg5 Bxc4 7. dxc4 Be7 8. Nd2 Qd7 9. f3 h6 10. Bxf6 Bxf6 11. 0-0-0 Bg5 12. Nh3 Qe7 13. Kc2 0-0 14. Nxg5 Qxg5 15. h4 Qe7 16. g4 f6 17. Nf1 Qe8 18. Ne3 Ne7 19. Qd2 Qg6 20. Nd5 Nxd5 21. Qxd5+ Qf7 22. Qxb7 Qxc4 23. Qd5+ Qxd5 24. Rxd5 Rfb8 25. Rhd1 Rb6 26. c4 Rd8 27. Kc3 Kf7 28. Ra5 Rb7 29. Ra6 Ke7 30. Rd5 Rd7 31. b4 Rd8 32. Rda5 Ra8 33. Ra3 Kd7 34. b5 Ke7 35. Kb4 Kd7 36. c5 c6 37. Rxc6 Rxb5+ 38. Kxb5 Rb8+ 39. Rb6 axb6 40. Ra7+ Ke6 41. cxb6 1-0

[Event "Cornella de Llobregat op 7th"]
[Site "Cornella de Llobregat"]
[Date "2019.11.11"]
[Round "6"]
[White "Planella Sanchez, Jordi"]
[Black "Perez Mitjans, Orelvis"]
[Result "0-1"]
[WhiteElo "1959"]
[BlackElo "2409"]
[PlyCount "76"]
[EventDate "2019.10.07"]
[EventType "swiss"]
[EventRounds "9"]
[EventCountry "ESP"]
[SourceTitle "CBM 193 Extra"]
[Source "ChessBase"]
[SourceDate "2020.01.31"]
[SourceVersion "1"]
[SourceVersionDate "2020.01.31"]
[SourceQuality "1"]

1. d4 Nf6 2. e3 e6 3. Bd3 b6 4. Qf3 d5 5. Nd2 c5 6. c3 Be7 7. Qg3 0-0 8. f4 Ne4 9. Nxe4 Bh4 10. Ng5 Bxg3+ 11. hxg3 h6 12. N1f3 f6 13. Nh3 Ba6 14. Bg6 Nc6 15. Bd2 e5 16. Kf2 Ne7 17. Bc2 e4 18. Nh2 Nf5 19. g4 Nd6 20. Rag1 cxd4 21. cxd4 Rc8 22. Bb3 Bc4 23. Rc1 Bxb3 24. axb3 Rxc1 25. Rxc1 Qd7 26. f5 Rc8 27. Bc3 a5 28. Nf4 Qb5 29. Nf1 Qxb3 30. Nd2 Qa2 31. Ke2 Nb5 32. Kd1 a4 33. Ne2 a3 34. bxa3 Qxa3 35. Nb1 Qa2 36. Nd2 Qa4+ 37. Ke1 Nxc3 38. Nxc3 Qa3 0-1

[Event "Barcelona Sant Marti op 21st"]
[Site "Barcelona"]
[Date "2019.07.15"]
[Round "3"]
[White "Yang, Jack Nathaniel"]
[Black "Planella Sanchez, Jordi"]
[Result "1-0"]
[WhiteElo "1791"]
[BlackElo "1978"]
[PlyCount "103"]
[EventDate "2019.07.13"]
[EventType "swiss"]
[EventRounds "9"]
[EventCountry "ESP"]
[SourceTitle "EXT 2020"]
[Source "ChessBase"]
[SourceDate "2019.10.17"]
[SourceVersion "1"]
[SourceVersionDate "2019.10.17"]
[SourceQuality "1"]

1. d4 Nf6 2. c4 c5 3. d5 b5 4. cxb5 d6 5. Nc3 g6 6. e4 Bg7 7. Nf3 0-0 8. Be2 Nbd7 9. 0-0 a6 10. a4 axb5 11. Bxb5 Ba6 12. Qe2 Bxb5 13. Nxb5 Nb6 14. Qc2 Qd7 15. Nc3 Rfb8 16. Ra2 Ng4 17. b3 Qb7 18. Bd2 Nc8 19. h3 Ne5 20. Nxe5 Bxe5 21. Nb5 Na7 22. Nxa7 Rxa7 23. Rb1 Ra6 24. Qc4 Rb6 25. Ra3 Rc8 26. a5 Ra6 27. Ra2 Rb8 28. g3 Kf8 29. b4 Qb5 30. Qc2 Bd4 31. Bc3 e5 32. dxe6 fxe6 33. Rab2 Qc4 34. Bxd4 Qxc2 35. Rxc2 cxd4 36. Ra2 Rb5 37. Kf1 Ke7 38. Ke2 e5 39. Kd3 Ke6 40. Kc4 Rb8 41. b5 Raa8 42. b6 Kd7 43. a6 Rc8+ 44. Kd3 Rcb8 45. b7 Ra7 46. Rb6 Kc7 47. Rab2 Kd7 48. Kc4 Ke6 49. Kb5 Kd7 50. Rc2 g5 51. g4 h6 52. f3 1-0

[Event "Barcelona Sant Marti op 21st"]
[Site "Barcelona"]
[Date "2019.07.14"]
[Round "2"]
[White "Planella Sanchez, Jordi"]
[Black "Fathima, Abdeen"]
[Result "0-1"]
[WhiteElo "1978"]
[BlackElo "1652"]
[PlyCount "60"]
[EventDate "2019.07.13"]
[EventType "swiss"]
[EventRounds "9"]
[EventCountry "ESP"]
[SourceTitle "EXT 2020"]
[Source "ChessBase"]
[SourceDate "2019.10.17"]
[SourceVersion "1"]
[SourceVersionDate "2019.10.17"]
[SourceQuality "1"]

1. d4 d5 2. Bg5 c6 3. Nf3 Qb6 4. Qc1 Nd7 5. e3 e6 6. Nbd2 f5 7. c4 Ngf6 8. c5 Qd8 9. Ne5 Be7 10. f4 Nxe5 11. fxe5 Ng4 12. Bxe7 Kxe7 13. Qc3 Bd7 14. Be2 Be8 15. Bxg4 fxg4 16. 0-0 Bg6 17. b4 h5 18. a4 Kd7 19. b5 Qh4 20. e4 dxe4 21. d5 exd5 22. e6+ Kxe6 23. Qxg7 Rhg8 24. Qxb7 Qe7 25. Qxc6+ Ke5 26. Nc4+ dxc4 27. Rad1 Rad8 28. Rd6 Rxd6 29. cxd6 Qxd6 30. Qb7 Qb6+ 0-1

[Event "Barcelona Sant Marti op 21st"]
[Site "Barcelona"]
[Date "2019.07.13"]
[Round "1"]
[White "Tahay, Alexis"]
[Black "Planella Sanchez, Jordi"]
[Result "1-0"]
[WhiteElo "2371"]
[BlackElo "1978"]
[PlyCount "65"]
[EventDate "2019.07.13"]
[EventType "swiss"]
[EventRounds "9"]
[EventCountry "ESP"]
[SourceTitle "EXT 2020"]
[Source "ChessBase"]
[SourceDate "2019.10.17"]
[SourceVersion "1"]
[SourceVersionDate "2019.10.17"]
[SourceQuality "1"]

1. e4 c5 2. Nf3 e6 3. d4 a6 4. Bd3 cxd4 5. Nxd4 Nc6 6. Nxc6 dxc6 7. 0-0 Qc7 8. Nd2 Nf6 9. a4 b6 10. Qf3 Bd6 11. Nc4 Bxh2+ 12. Kh1 b5 13. axb5 cxb5 14. e5 bxc4 15. exf6 Rb8 16. fxg7 Rg8 17. Be4 Be5 18. Bh6 Bxg7 19. Bxg7 Rxg7 20. Qf6 Rg4 21. f3 Rg3 22. Rfd1 Bb7 23. Bxb7 Qxb7 24. Rd4 Rg6 25. Qh8+ Ke7 26. Qxh7 Rbg8 27. Rad1 R8g7 28. Qh2 Rxg2 29. Qd6+ Kf6 30. Rf4+ Kg6 31. Kxg2 Kh6+ 32. Kh2 Rg5 33. Qf8+ 1-0

[Event "Foment Martinenc op-A 21st"]
[Site "Barcelona"]
[Date "2019.05.18"]
[Round "4"]
[White "Planella Sanchez, Jordi"]
[Black "Fernandez Diaz, Cristian"]
[Result "0-1"]
[WhiteElo "2017"]
[BlackElo "2237"]
[PlyCount "82"]
[EventDate "2019.04.27"]
[EventType "swiss"]
[EventRounds "9"]
[EventCountry "ESP"]
[SourceTitle "EXT 2020"]
[Source "ChessBase"]
[SourceDate "2019.10.17"]
[SourceVersion "1"]
[SourceVersionDate "2019.10.17"]
[SourceQuality "1"]

1. e4 c5 2. Nf3 g6 3. Bc4 Bg7 4. 0-0 Nc6 5. Nc3 e6 6. d3 Nge7 7. Bg5 h6 8. Bh4 g5 9. Bg3 d5 10. Bb3 a6 11. Qd2 0-0 12. Rae1 d4 13. Nb1 Ng6 14. Kh1 Kh8 15. Ng1 Na5 16. f4 Nxb3 17. axb3 f5 18. fxg5 hxg5 19. Qd1 g4 20. exf5 exf5 21. Nh3 gxh3 22. Qh5+ Kg8 23. Qxg6 hxg2+ 24. Kxg2 Bd7 25. Be5 Rf7 26. Rg1 Bc6+ 27. Kh3 Qd7 28. Rg5 Bf3 29. Kh4 Qc6 30. Reg1 Bg4 31. Qxc6 bxc6 32. Bxg7 Rxg7 33. Re1 Kf7 34. Rxg7+ Kxg7 35. Re6 Rh8+ 36. Kg3 Rh3+ 37. Kg2 Re3 38. Rxe3 dxe3 39. Nc3 f4 40. h3 f3+ 41. Kg3 f2 0-1

[Event "Barcelona Sant Marti op 8th"]
[Site "Barcelona"]
[Date "2019.02.07"]
[Round "4"]
[White "Sanchez Cozar Valero, Juan"]
[Black "Planella Sanchez, Jordi"]
[Result "0-1"]
[WhiteElo "1952"]
[BlackElo "1999"]
[PlyCount "144"]
[EventDate "2019.01.17"]
[EventType "swiss"]
[EventRounds "9"]
[EventCountry "ESP"]
[SourceTitle "CBM 189 Extra"]
[Source "ChessBase"]
[SourceDate "2019.06.03"]
[SourceVersion "1"]
[SourceVersionDate "2019.06.03"]
[SourceQuality "1"]

1. e4 c5 2. a3 g6 3. d4 cxd4 4. c3 dxc3 5. Nxc3 Bg7 6. Bc4 d6 7. Qb3 e6 8. Nf3 Nf6 9. Bf4 0-0 10. Rd1 Ne8 11. 0-0 Nc6 12. Qc2 a6 13. Qc1 b5 14. Ba2 Bb7 15. Rd3 b4 16. Ne2 Qa5 17. Bh6 bxa3 18. Bxg7 Kxg7 19. Rxa3 Qb6 20. Rb3 Qa7 21. Qc3+ Kg8 22. Ng5 Nd8 23. Qh3 h5 24. Nf4 Ng7 25. Rg3 Bc8 26. Rc1 Qe7 27. Nf3 Qf6 28. Nxh5 Nxh5 29. Qxh5 Qxb2 30. Re1 Qg7 31. Qg5 Nc6 32. h4 Rb8 33. h5 Rb5 34. Qc1 Rc5 35. Qd2 Rxh5 36. Qxd6 Qh6 37. Kf1 Rh1+ 38. Ng1 Qh2 39. Ke2 Qh5+ 40. Kf1 Qb5+ 41. Qd3 Qa5 42. Qc3 Bd7 43. Qxa5 Nxa5 44. Ke2 Bb5+ 45. Kf3 Rd8 46. Rh3 Rd3+ 47. Kg4 Rhxh3 48. Nxh3 Ra3 49. Bb1 Ra1 50. Nf4 e5 51. Nd5 Bd3 52. Nc3 Bxb1 53. Nxb1 Nb3 54. Rd1 a5 55. Rd8+ Kg7 56. Nc3 Rc1 57. Nd5 Rc6 58. Ra8 Rd6 59. f3 Rc6 60. Kh4 Rc2 61. g4 Nd4 62. g5 Rg2 63. Rxa5 Nxf3+ 64. Kh3 Rxg5 65. Ne3 Rg1 66. Ng2 f6 67. Kg3 Ne1 68. Kf2 Rxg2+ 69. Kxe1 Kh6 70. Ra3 Kg5 71. Rf3 f5 72. exf5 gxf5 0-1

[Event "Cornella Pinol Memorial 6th"]
[Site "Cornella de Llobregat"]
[Date "2018.10.29"]
[Round "6"]
[White "Tebar Ramon, Juan Bosco"]
[Black "Planella Sanchez, Jordi"]
[Result "1/2-1/2"]
[WhiteElo "1895"]
[BlackElo "1885"]
[PlyCount "52"]
[EventDate "2018.09.24"]
[EventType "swiss"]
[EventRounds "9"]
[EventCountry "ESP"]
[SourceTitle "CBM 187 Extra"]
[Source "ChessBase"]
[SourceDate "2018.11.04"]
[SourceVersion "1"]
[SourceVersionDate "2018.11.04"]
[SourceQuality "1"]

1. d4 Nf6 2. c4 c5 3. d5 b5 4. cxb5 d6 5. Nc3 g6 6. e4 Bg7 7. Nf3 0-0 8. Be2 Nbd7 9. 0-0 a6 10. h3 axb5 11. Bxb5 Ba6 12. Bxa6 Rxa6 13. Qe2 Qa8 14. e5 dxe5 15. Nxe5 Nb6 16. Nc6 Nfxd5 17. Nxd5 Nxd5 18. Nxe7+ Nxe7 19. Qxe7 Rxa2 20. Rxa2 Qxa2 21. Qxc5 Bxb2 22. Qc2 Rb8 23. Bf4 Ra8 24. Rb1 Qxb1+ 25. Qxb1 Ra1 26. Qxa1 Bxa1 1/2-1/2

[Event "L'Estartit Baix Ter U2200"]
[Site "L'Estartit"]
[Date "2018.09.02"]
[Round "5.2"]
[White "Gallart Zafra, Jaume"]
[Black "Planella Sanchez, Jordi"]
[Result "1/2-1/2"]
[WhiteElo "2173"]
[BlackElo "1885"]
[PlyCount "124"]
[EventDate "2018.09.01"]
[EventType "swiss"]
[EventRounds "6"]
[EventCountry "ESP"]
[SourceTitle "EXT 2024"]
[Source "ChessBase"]
[SourceDate "2023.10.10"]
[SourceVersion "1"]
[SourceVersionDate "2023.10.10"]
[SourceQuality "1"]

1. e4 e6 2. d4 d5 3. Nd2 Nf6 4. e5 Nfd7 5. Bd3 c5 6. c3 Nc6 7. Ngf3 Be7 8. 0-0 0-0 9. Re1 f5 10. exf6 Nxf6 11. Nf1 Qd6 12. Bg5 Bd7 13. Ng3 Rae8 14. Rc1 Bd8 15. Qe2 Bc7 16. dxc5 Qxc5 17. c4 Nd4 18. Nxd4 Qxd4 19. Red1 Qe5 20. Qxe5 Bxe5 21. Rc2 Rc8 22. b3 h6 23. Be3 d4 24. Bc1 Bd6 25. Ne4 Be7 26. Re2 e5 27. Ng3 Bd6 28. Nf5 Bxf5 29. Bxf5 Rce8 30. Be4 Re7 31. g3 Nxe4 32. Rxe4 Rf3 33. Kg2 Ref7 34. Bf4 Rc3 35. Bxe5 Bxe5 36. Rxe5 Rc2 37. Rxd4 Rfxf2+ 38. Kh3 Rxa2 39. Rd7 Rxh2+ 40. Kg4 Rhe2 41. Rxe2 Rxe2 42. Rxb7 Rb2 43. c5 Rc2 44. Rc7 Rc3 45. c6 Kh7 46. Kf4 Rxb3 47. Rxa7 Rc3 48. c7 Kg6 49. Ke5 Kg5 50. Kd6 Kg4 51. Ra8 Rxc7 52. Kxc7 Kxg3 53. Kd6 h5 54. Rg8 h4 55. Rxg7+ Kf4 56. Rh7 Kg3 57. Ke5 h3 58. Rg7+ Kf3 59. Ra7 h2 60. Ra1 Kg2 61. Kf4 h1Q 62. Rxh1 Kxh1 1/2-1/2

[Event "L'Estartit Baix Ter U2200"]
[Site "L'Estartit"]
[Date "2018.09.01"]
[Round "3.5"]
[White "Molano Lafuente, Ismael"]
[Black "Planella Sanchez, Jordi"]
[Result "1/2-1/2"]
[WhiteElo "1968"]
[BlackElo "1885"]
[PlyCount "50"]
[EventDate "2018.09.01"]
[EventType "swiss"]
[EventRounds "6"]
[EventCountry "ESP"]
[SourceTitle "EXT 2024"]
[Source "ChessBase"]
[SourceDate "2023.10.10"]
[SourceVersion "1"]
[SourceVersionDate "2023.10.10"]
[SourceQuality "1"]

1. f4 d5 2. Nf3 Nf6 3. e3 c5 4. b3 Bf5 5. Bb2 Nbd7 6. Bd3 Bxd3 7. cxd3 e6 8. 0-0 Be7 9. Nc3 0-0 10. Ne2 Qb6 11. Ng3 a5 12. Ne5 a4 13. Nh5 Qd6 14. Nxd7 Qxd7 15. Bxf6 Bxf6 16. Nxf6+ gxf6 17. Qh5 Kh8 18. Qh4 Qd8 19. f5 axb3 20. axb3 Rxa1 21. Rxa1 e5 22. Ra8 Qxa8 23. Qxf6+ Kg8 24. Qg5+ Kh8 25. Qf6+ Kg8 1/2-1/2

[Event "Barcelona Sant Marti op-B 20th"]
[Site "Barcelona"]
[Date "2018.07.20"]
[Round "8"]
[White "Low, Ethan"]
[Black "Planella Sanchez, Jordi"]
[Result "1-0"]
[WhiteElo "1741"]
[BlackElo "1945"]
[PlyCount "87"]
[EventDate "2018.07.13"]
[EventType "swiss"]
[EventRounds "9"]
[EventCountry "ESP"]
[SourceTitle "EXT 2019"]
[Source "ChessBase"]
[SourceDate "2018.10.10"]
[SourceVersion "1"]
[SourceVersionDate "2018.10.10"]
[SourceQuality "1"]

1. e4 g6 2. d4 Bg7 3. c3 d5 4. e5 c5 5. f4 cxd4 6. cxd4 Nh6 7. Nc3 0-0 8. h3 Nf5 9. Nge2 e6 10. g3 Nc6 11. Bg2 a5 12. 0-0 b6 13. g4 Nfe7 14. Be3 Ba6 15. a3 Qd7 16. Rf2 Na7 17. Ng3 Nb5 18. Nxb5 Bxb5 19. h4 Rac8 20. f5 exf5 21. gxf5 Nxf5 22. Nxf5 gxf5 23. Bh3 Qe7 24. Bxf5 Bd7 25. Qg4 Bxf5 26. Rxf5 Rc6 27. Bg5 f6 28. Bxf6 Rcxf6 29. Rxf6 Rxf6 30. exf6 Qxf6 31. Qc8+ Bf8 32. Qg4+ Bg7 33. Rd1 Kh8 34. Kg2 h6 35. h5 Qc6 36. Rd2 Qf6 37. Qg3 Qe6 38. Kf2 Qf5+ 39. Qf3 Qg5 40. Ke2 Qh4 41. Qxd5 Bf6 42. Kd3 Qe1 43. Kc2 Bg5 44. Qe5+ 1-0